Catalog

Record Details

Catalog Search



London City Plan : 1 : 17500 : mit U-Bahn-Plan : mit Umgebungskarte Cover Image Map Map

London [kartografický dokument] : City Plan : 1 : 17500 : mit U-Bahn-Plan : mit Umgebungskarte

Record details

  • ISBN: 978-3-8264-0541-9 :
  • Physical Description: 1 mapa
  • Edition: 5. Aufl.
  • Publisher: München : ADAC Verlag, 2006

Available copies

  • 2 of 2 copies available at Common Catalog SPOK.

Holds

  • 0 current holds with 2 total copies.
Show All Copies
Location Call Number / Copy Notes Barcode Shelving Location Status Due Date
Department of Languages AO 424480019076 Příruční knihovna (KJZ) - ptejte se knihovníka Available -
Department of Languages AO 424480019085 Příruční knihovna (KJZ) - ptejte se knihovníka Available -

LDR 00686nem a2200229 a 4500
0016453
003CZ-PrJAB
00520160920131616.0
008090714s2006 gw u ger
020 . ‡a978-3-8264-0541-9 : ‡c169.00 Kč
035 . ‡a(CZ PrSKC)KN3185000000097670
040 . ‡aABG502 ‡bcze
080 . ‡a912(410)
24500. ‡aLondon ‡h[kartografický dokument] : ‡bCity Plan : 1 : 17500 : mit U-Bahn-Plan : mit Umgebungskarte
24633. ‡aLondýn
250 . ‡a5. Aufl.
260 . ‡aMünchen : ‡bADAC Verlag, ‡c2006
300 . ‡a1 mapa
4901 . ‡aADAC
6530 . ‡amapy ‡aAnglie ‡aVelká Británie ‡aměsta ‡aplány ‡aLondýn
900 . ‡aABG312
901 . ‡a6453 ‡bUnknown ‡c6453 ‡tbiblio

Additional Resources